000 01074nam a2200301 u 4500
001 000020560
003 DO-SdBPM
005 20250911122853.0
007 ta
008 100810s1986 dr r 000 0 spa d
040 _aDO-SdBPM
_bspa
_cBPMSU
_drda
082 4 _a923.27293
_bS194a 1986
_222
100 1 _aAvelino , Francisco Antonio,
_d1935-
_eautor
245 1 0 _aCamino de la gloria
_bSánchez y la fundación de la República /
_cFrancisco Antonio Avelino.
264 _aSanto Domingo :
_bTalleres Luis Cabrera,
_c1986.
300 _a32 páginas ;
_c21 cm.
336 _atexto
_btxt
_2rdacontent
337 _asin mediación
_bn
_2rdamedia
338 _avolumen
_bnc
_2rdacarrier
490 0 _aOrfeo
500 _aIncluye referencias bibliográficas y notas al pie de las páginas
504 _aBibliografías [página 29
590 _aInventariado, 2025/VM
600 1 0 _aSánchez, Francisco del Rosario,
_d1817-1861
_vBiografías
651 7 _aRepública Dominicana
_xHistoria
_y1844-1864
910 _aVMateo V. Control de calidad. BPMSU
942 _2ddc
_cBK
999 _c15382
_d15382